000 00288nam a22001337a 4500
008 210302b ||||| |||| 00| 0 eng d
020 _a2900495802661
041 _aeng
080 _23th
_a32
100 _a19
101 _aSHP
245 _aWomen & Politics
_cFord,E.L
942 _2udc
_cBK
999 _c55447
_d55447